[Event "RUS-chT 14th"]
[Site "Sochi"]
[Date "2007.05.02"]
[Round "1"]
[White "Morozevich, Alexander"]
[Black "Miton, Kamil"]
[Result "1-0"]
[WhiteElo "2762"]
[BlackElo "2653"]
[Annotator "Ftacnik,L"]
[PlyCount "61"]
[EventDate "2007.05.02"]
[EventType "team-tourn"]
[EventRounds "9"]
[EventCountry "RUS"]
[SourceTitle "EXT 2020"]
[Source "ChessBase"]
[SourceDate "2019.10.17"]
[SourceVersion "1"]
[SourceVersionDate "2019.10.17"]
[SourceQuality "1"]
[WhiteTeam "Tomsk 400"]
[BlackTeam "Buryatia Shatar"]
[WhiteTeamCountry "RUS"]
[BlackTeamCountry "RUS"]

1. d4 d5 2. c4 c6 3. Nc3 e6 4. Nf3 dxc4 5. e3 b5 6. a4 Bb4 7. Bd2 Bb7 (7... a5
8. axb5 Bxc3 9. Bxc3 cxb5 10. b3 Bb7 11. d5 Nf6 12. bxc4 b4 13. Bxf6 Qxf6 14.
Qa4+ Nd7 15. Nd4 e5 16. Nb3 Ke7 17. Be2 Qd6 18. f4 Rhc8 $132 {Miton,
K-Krasenkow,M/Warsaw 2003}) 8. b3 a5 (8... cxb3 $2 9. Qxb3 Bxc3 10. Bxc3 a6 11.
d5 $1 $40) 9. Ne4 $5 {Morozevich is nothing if not an original player. The
choice of the knight move with its dubious reputation was probably an
intuitive decision.} (9. bxc4 Bxc3 (9... bxc4 10. Bxc4 Nf6 11. O-O O-O 12. Rb1
c5 (12... Na6 13. Ne2 c5 14. Bc1 Be4 15. Bd3 Bxd3 16. Qxd3 cxd4 17. Qxd4 Qxd4
18. Nexd4 Rfc8 {1/2 Babula,V (2515)-Matlak,M (2490)/Moscow 1994/ (44)}) 13.
dxc5 Na6 14. c6 Bxc6 15. Nd4 Bb7 16. Na2 Qc7 17. Nxb4 axb4 18. Bxb4 Rfd8 19.
Qe2 Ng4 20. Qxg4 Qxc4 21. Rfc1 Qd5 {1/2 Paulsen,D (2292)-Suhl,D (2158)/Berlin
1996/ (58)}) 10. Bxc3 b4 11. Bb2 c5 12. Bd3 Nf6 13. O-O (13. Nd2 O-O 14. O-O
Nbd7 15. Qe2 Qc7 16. f4 Rfe8 17. h3 cxd4 18. exd4 Rad8 19. Nb3 Ba6 {0-1 Babula,
V (2530)-Ninov,N (2435)/Odorheiu Secuiesc 1995/ (43)}) 13... Nbd7 14. Re1 Qc7 (
14... Rc8 15. Rc1 Qc7 16. d5 exd5 17. cxd5 Bxd5 18. e4 Be6 19. e5 Nd5 20. Ng5
Nf4 21. Bb5 $16 {0-1 Knaak,R (2515)-Karasev,V (2460)/Polanica Zdroj 1974/ (41)}
) 15. Ne5 Nxe5 16. dxe5 Nd7 17. Qh5 Nb6 18. Qg5 g6 19. e4 Bc6 20. Bc1 Bxa4 $15
{1-0 Zakharevich,I (2532)-Goloshchapov,A (2446)/Novgorod 1999/ (49)}) 9... f5
10. Nc5 (10. Neg5 c3 11. Nxe6 Qe7 12. Nf4 cxd2+ 13. Nxd2 Nf6 14. Bd3 Bxd2+ 15.
Qxd2 Ne4 16. Qc2 O-O $17 {0-1 Kasparian,G-Kirillov,V/Moscow 1931/URS-ch/ (33)})
(10. Nc3 Bxc3 11. Bxc3 b4 12. Bd2 c3 $17) 10... c3 (10... Bxc5 11. dxc5 Nf6 12.
axb5 (12. Nd4 $5 Ne4 13. axb5 c3 14. Bc1 e5 $13) 12... cxb5 13. Nd4 Ne4 14.
Nxe6 $13) 11. Nxb7 Qe7 12. Nc5 e5 $1 {Miton is growing into a very strong
player; with the e-pawn advance he seriously questions the soundness of
White's concept.} (12... cxd2+ 13. Nxd2 bxa4 (13... Bxc5 14. dxc5 Qxc5 $6 15.
axb5 cxb5 16. Rc1 Qb6 17. Rc8+ $18) 14. Nxa4 Nf6 $13) 13. Be2 e4 $5 (13... exd4
$6 14. O-O $1 cxd2 (14... Bxc5 15. exd4 cxd2 16. dxc5 Qxc5 17. Qxd2 $16) (14...
Qxc5 15. Bc1 Nd7 16. axb5 cxb5 17. Nxd4 $14) 15. exd4 Nd7 16. Nxd7 Qxd7 17.
axb5 cxb5 18. Nxd2 Ne7 19. Nf3 $14) 14. O-O $1 (14. Bxc3 exf3 $1 (14... Bxc3+
15. Nd2 Bxa1 16. Qxa1 Nd7 $13) 15. Bxb4 fxe2 16. Kxe2 axb4 17. axb5 Rxa1 18.
Qxa1 Nf6 $17) 14... exf3 15. Bxf3 cxd2 16. axb5 {[%mdl 1024] Objectively
speaking White cannot claim enough compensation with only a pawn for the
knight. On the positive side his bishop on f3 is strong, development much
better and the level of irrationality is very high.} Nf6 (16... Bxc5 17. dxc5
Qxc5 (17... Nf6 18. Qxd2 Ne4 19. Qd3 O-O 20. bxc6 Kh8 $15) 18. bxc6 Nxc6 19.
Qxd2 Rd8 20. Rfc1 Rxd2 21. Rxc5 Nce7 22. Raxa5 Nf6 $15) (16... Ra7 17. b6 $5
Ra8 18. Qc2 $132) 17. bxc6 Ra7 $6 (17... Ne4 18. Bxe4 fxe4 19. Qh5+ Qf7 (19...
g6 20. Qd5 Bxc5 (20... Ra7 21. Rfd1 $16) 21. dxc5 (21. c7 Qxc7 22. Qxa8 Bb4 $15
) 21... Na6 22. Qxd2 Nxc5 23. Qd5 $13) 20. Qe5+ Qe7 21. Qd5 Bxc5 22. dxc5 Na6
$13) (17... Na6 $5 18. Nxa6 (18. Nd7 $6 Nc7 19. Qc2 Rd8 20. Qxf5 Nxd7 21. cxd7+
Qxd7 $15) 18... Rxa6 19. Qc2 Qe6 (19... Ne4 20. g4 g6 21. gxf5 (21. Qc4 Ra7 $17
) 21... gxf5 22. Qc4 Rb6 23. Qd5 Nd6 $17) 20. c7 O-O 21. Bb7 Raa8 22. Rfd1 $13)
18. Nd3 $1 {After the meek move of the black rook White has got a chance to
play for the maximum. Morozevich has to eliminate Bb4, grab the d2-pawn and
exploit the might of his advanced pawns.} O-O (18... Na6 $5 19. Nxb4 Nxb4 20.
Qxd2 O-O 21. Rfc1 $15) 19. Nxb4 Qxb4 (19... axb4 20. Rxa7 Qxa7 21. Qxd2 Rc8 22.
Qc2 $16) 20. Qc2 $1 Na6 $6 (20... Rc7 $5 21. d5 (21. Qxf5 Qd6 (21... Nxc6 $2
22. Qe6+ $18) 22. Qe5 Rd8 23. Qxa5 Nxc6 24. Qxd2 Ne5 25. Be2 Rdc8 $11) 21...
Ne4 22. Bxe4 fxe4 23. Rfd1 $14) 21. Qxf5 Nc7 (21... Qxb3 $2 22. Rfb1 Qc4 23.
Qxa5 $18) 22. Qc2 Rb8 23. Rfd1 $1 {Black is potentially facing three passed
white pawns in the centre. Can any force stop them?} Nfd5 $5 (23... Qxb3 24.
Qxd2 $16) 24. e4 (24. Rxd2 Qxb3 25. Qxb3 Rxb3 26. e4 Nb4 27. Be2 Rc3 28. d5 $16
) 24... Nc3 25. Rxd2 N7b5 (25... Ne6 26. d5 (26. Rc1 Nb5 27. Bg4 Nbxd4 (27...
Nexd4) 28. Qd1) 26... Nd4 27. Qd3 Nxb3 (27... Nxf3+ 28. gxf3 $18) 28. Rb2 Rc7 (
28... Nxa1 29. Rxb4 axb4 30. d6 $18) 29. e5 $18) 26. Rc1 $1 {A fine move that
ties down black forces, as the knights became virtually immobilized.} (26. d5
a4 $1 27. bxa4 Nd4 28. Qd3 Nb3 29. Rb2 Nxa4 30. Qe3 Nxb2 31. Rxa7 Nc4 32. Qd3
$14) 26... a4 27. bxa4 Rxa4 28. Bg4 $1 {Another laudable decision as the
advance of the c-pawn is now very much on the cards.} (28. d5 Ra2 29. Qd3 $18)
28... Qe7 (28... Ra2 $2 29. Be6+ $18) (28... Nxd4 29. c7 $1 Rf8 30. Qxc3 $18)
29. Qb3+ Kf8 30. Rxc3 Ra3 31. Rf3+ 1-0

[Event "London WFW"]
[Site "London"]
[Date "1990.??.??"]
[Round "?"]
[White "Levitt, Jonathan"]
[Black "Flear, Glenn C"]
[Result "0-1"]
[WhiteElo "2465"]
[BlackElo "2470"]
[Annotator "Ftacnik,L"]
[PlyCount "80"]
[EventDate "1990.04.??"]
[EventType "tourn"]
[EventRounds "13"]
[EventCountry "ENG"]
[EventCategory "11"]
[SourceTitle "CBM 018"]
[Source "ChessBase"]
[SourceDate "1990.10.01"]
[SourceVersion "1"]
[SourceVersionDate "1990.10.01"]
[SourceQuality "1"]

1. d4 d5 2. c4 e6 3. Nc3 c6 4. Nf3 dxc4 5. a4 Bb4 6. e3 b5 7. Bd2 Bb7 8. axb5
Bxc3 9. Bxc3 cxb5 10. b3 a5 11. bxc4 b4 12. Bb2 Nf6 13. Bd3 Nbd7 14. O-O O-O
15. Qc2 Qc7 16. e4 e5 17. c5 (17. Rfe1 Rfe8 18. c5 exd4 19. Bxd4 Ng4 20. Bc4
Nde5 21. Nxe5 Nxe5 22. Bd5 $16 {Kan-Simagin/USSR/1949/}) 17... Ba6 $5 {N} 18.
Rfc1 exd4 19. Bxd4 (19. c6 Ne5) 19... Bxd3 20. Qxd3 Qc6 $1 21. Bxf6 (21. e5 Ne4
$132) (21. Nd2 Rfe8 22. f3 a4 $132) 21... Nxf6 22. Rc4 Rfd8 23. Qc2 (23. Nd4 $2
Qxe4 24. Qxe4 Nxe4 25. Nc6 Nd2 26. Nxd8 Nxc4 $19) 23... Rab8 $5 24. Nd4 $2 (24.
Nd2 a4 $22 25. Rxa4 Rxd2 $19) (24. Rxa5 b3 25. Qb1 b2 26. Rd4 Rxd4 27. Nxd4
Qxe4 $19) (24. Ne5 $5 Qc7 25. f4 $13) (24. e5 b3 25. Qb2 Ne4 $40) 24... Qxe4
25. Qxe4 Nxe4 26. Nc6 Nd2 27. Rc2 (27. Rf4 b3 28. Nxb8 b2 29. Rd1 Rxb8 $19) (
27. Nxb8 Nxc4 28. Nc6 Re8 {/\ b3 -+}) 27... Nb3 28. Rb1 (28. Nxb8 Nxa1 29. Rc1
Nb3 $19) 28... Nd4 29. Nxd4 (29. Nxb8 Nxc2 30. Nc6 Ra8 31. Rb2 a4 $5 32. Rxc2
b3 33. Rc1 a3 34. Nb4 a2 35. Nxa2 bxa2 36. Ra1 Rb8 $19) 29... Rxd4 30. c6 Kf8
31. Kf1 (31. c7 Rc8 32. Ra1 a4 $1 $19) 31... a4 32. c7 Rc8 33. Rc6 b3 34. Re1
g6 $1 (34... b2 35. Rb6 a3 36. Rb8) 35. Re5 b2 36. Rb6 Rd1+ (36... a3 37. Rb8
Kg7 $19) 37. Re1 Rxe1+ 38. Kxe1 a3 39. Rb8 Ke7 40. Rxc8 b1=Q+ {Ftacnik,L} 0-1

[Event "Women-Veterans"]
[Site "Aruba"]
[Date "1992.??.??"]
[Round "5"]
[White "Galliamova, Alisa"]
[Black "Geller, Efim P"]
[Result "0-1"]
[WhiteElo "2400"]
[BlackElo "2525"]
[Annotator "Ftacnik,L"]
[PlyCount "60"]
[EventDate "1992.08.??"]
[EventType "schev"]
[EventRounds "6"]
[EventCountry "NAU"]
[SourceTitle "CBM 033"]
[Source "ChessBase"]
[SourceDate "1993.04.01"]
[SourceVersion "1"]
[SourceVersionDate "1993.04.01"]
[SourceQuality "1"]

1. d4 d5 2. c4 e6 3. Nc3 Be7 4. cxd5 exd5 5. Bf4 c6 6. e3 Bf5 7. g4 Be6 8. h3
h5 $5 (8... Bd6 9. Qb3 (9. Nge2 Ne7 10. Bxd6 Qxd6 11. Nf4 Ng6 12. Nxe6 Qxe6 13.
Qb3 Qe7 14. h4 Qc7 15. O-O-O Nd7 16. h5 Ngf8 17. Kb1 Ne6 18. Bd3 Qb6 19. Qc2 h6
20. Bf5 Ndf8 21. e4 Qa5 22. Rhe1 O-O-O 23. exd5 cxd5 24. Nxd5+ $16 {Spraggett,
K-Banchev,B/Cannes op A(1)/1990/}) 9... Bxf4 10. exf4 Bc8 11. O-O-O Qd6 12. Kb1
h5 13. Bg2 hxg4 14. hxg4 Rxh1 15. Bxh1 Qxf4 16. Re1+ Kd8 17. Nf3 Nd7 18. Qa3
Qxg4 19. Ka1 Qf4 20. Bg2 f6 21. Ne2 Qc7 22. Ng3 Qf4 23. Ne2 Qc7 24. Ng3 $13 {
Littlewood,P-Chandler/Hastings/1982/}) (8... Qb6 9. Rb1 h5 10. g5 Bf5 11. Bd3
Bxd3 12. Qxd3 g6 13. Nge2 Nd7 14. O-O Qd8 15. h4 Bb4 16. a3 Bxc3 17. bxc3 Nb6
18. Be5 Rh7 19. f4 Qd7 20. f5 Ne7 21. Ng3 O-O-O 22. f6 Nf5 23. Rxf5 gxf5 24.
Nxf5 $16 {Pieterse,G-Cifuentes Parada,R/Amsterdam OHRA-B/1988/}) (8... c5 9.
dxc5 Bxc5 10. Bg2 Ne7 11. Nf3 Nbc6 12. O-O O-O 13. Rc1 Bb6 14. a3 Ng6 15. Bg3
a6 16. b4 Rc8 17. Na4 Bc7 18. Bxc7 Rxc7 19. Nc5 Kh8 20. Nxb7 Rxb7 21. Rxc6 a5
22. Qd2 axb4 23. axb4 Qe7 24. Nd4 $16 {Lputian,S-Magomedov,M/URS-chT Azov/1991/
}) 9. gxh5 Nd7 10. Be2 Ndf6 11. a3 (11. Be5 Bd6 12. Rh2 Nxh5 13. Bxh5 Bxe5 14.
dxe5 Qg5 15. Bg4 Bxg4 16. Rg2 Bxd1 17. Rxg5 Bh5 18. Nge2 Bxe2 19. Kxe2 g6 20.
Rh1 Ne7 21. Kd3 Kd7 22. Ne2 Nf5 23. Nf4 Ng7 24. Ke2 $10 {Hort,V-Renet,O/Uzes
tt (01)/1990/}) 11... Nh6 12. Be5 Bd6 13. Qb3 (13. Bxd6 Qxd6 14. Bf3 O-O-O 15.
Nge2 $14) 13... Bxe5 14. dxe5 Nd7 15. Qxb7 Nxe5 16. O-O-O (16. f4 Rb8 17. Qxa7
Qh4+ 18. Kd1 Nd7 $13) 16... O-O 17. f4 Nd7 18. Nf3 (18. Qxc6 Rc8 19. Qa4 Nf5
$132) 18... Nf5 19. Nd4 Rb8 20. Qxa7 (20. Qxc6 Rb6 21. Nxe6 fxe6 22. Qa4 Nxe3
$40) 20... Ra8 21. Qb7 Nc5 22. Qxc6 Rc8 23. Qb5 (23. Nxe6 fxe6 24. Qb5 Nxe3 $17
) 23... Nxe3 24. Rdg1 Qf6 25. Qb4 (25. Nc6 Rxc6 26. Qxc6 Nb3+ 27. Kb1 Bf5+ $19)
25... Qxd4 $1 26. Qxd4 Nb3+ 27. Kb1 Nxd4 28. Rg5 $2 Rxc3 $1 29. bxc3 Nxe2 30.
Ka1 Rb8 0-1

[Event "Dortmund op-A"]
[Site "Dortmund"]
[Date "1992.??.??"]
[Round "6"]
[White "Lputian, Smbat G"]
[Black "Azmaiparashvili, Zurab"]
[Result "1-0"]
[WhiteElo "2560"]
[BlackElo "2610"]
[Annotator "Ftacnik,L"]
[PlyCount "53"]
[EventDate "1992.04.??"]
[EventType "swiss"]
[EventRounds "11"]
[EventCountry "GER"]
[SourceTitle "CBM 029"]
[Source "ChessBase"]
[SourceDate "1992.08.01"]
[SourceVersion "1"]
[SourceVersionDate "1992.08.01"]
[SourceQuality "1"]

1. d4 {Kortschnoj} d5 2. c4 c6 3. Nc3 e6 4. Nf3 dxc4 5. a4 Bb4 6. e4 Nf6 (6...
b5 7. Be2 (7. Qc2 Nf6 8. Bd2 a5 9. Be2 Bb7 10. O-O Nbd7 11. e5 Nd5 12. axb5
N7b6 13. bxc6 Bxc6 14. Ne4 O-O 15. Bg5 $14 {Hokkanen,P-Santos,C/WChJ Tunja/
1989/}) 7... Nf6 8. Qc2 Nbd7 9. O-O Bxc3 10. bxc3 O-O 11. e5 Nd5 12. Ng5 g6 13.
Ne4 f5 14. Nd6 $16 {Ilic,D-Kiss,P/Dortmund op/1988/}) 7. e5 (7. Bg5 b5 8. e5 h6
) 7... Nd5 8. Bd2 b5 9. axb5 Bxc3 10. bxc3 cxb5 11. Ng5 $1 O-O $2 (11... Qd7
$14) 12. Qb1 g6 13. h4 (13. Qxb5 Nxc3 14. Qxc4 Nd5 $16) 13... b4 (13... h6 14.
Ne4 Kg7 15. Qxb5 $18) (13... a6 14. h5 Nxc3 15. Qc2 Nd5 16. Nxh7 $1 Kxh7 17.
hxg6+ Kg8 18. g7 $18) 14. h5 bxc3 (14... Nxc3 15. Qxb4 Nd5 16. Qxc4 $18) 15.
Bc1 f5 (15... Qb6 16. Qe4 $18) (15... Nc6 16. Nxh7 $1 c2 17. Qxc2 Nxd4 18. Qe4
Kxh7 19. hxg6+ Kg8 20. g7 $18) 16. hxg6 Nc6 (16... hxg6 17. Bxc4 Nc6 18. Qd3
Ncb4 19. Qh3 $18) 17. Bxc4 Nxd4 18. Qd3 Nb4 19. Qh3 Ndc2+ 20. Ke2 Qc7 (20...
Nd4+ 21. Kf1 Qc7 22. Qxc3 $18) 21. Qxc3 Nd5 (21... Qe7 22. Rxh7 $18) 22. Qxc2
Qxe5+ 23. Kf1 Qxa1 24. gxh7+ Kg7 25. Bxd5 Ba6+ (25... exd5 26. h8=Q+ $1 Rxh8
27. Qc7+ Kg6 28. Qf7#) 26. Kg1 Rac8 27. Nxe6+ {Ftacnik,L} (27. Nxe6+ Kg6 28.
Nxf8+ Rxf8 29. Rh6+ Kg7 30. h8=Q+ Rxh8 31. Qc7+) 1-0

[Event "Helsinki op"]
[Site "Helsinki"]
[Date "1992.??.??"]
[Round "7"]
[White "Van Wely, Loek"]
[Black "Serper, Grigory"]
[Result "1-0"]
[WhiteElo "2525"]
[BlackElo "2575"]
[Annotator "Ftacnik,L"]
[PlyCount "80"]
[EventDate "1992.09.??"]
[EventType "swiss"]
[EventRounds "9"]
[EventCountry "FIN"]
[SourceTitle "CBM 032"]
[Source "ChessBase"]
[SourceDate "1993.02.01"]
[SourceVersion "1"]
[SourceVersionDate "1993.02.01"]
[SourceQuality "1"]

1. d4 d5 2. c4 e6 3. Nc3 Bb4 4. Nf3 dxc4 5. e3 b5 6. a4 c6 7. Bd2 a5 8. axb5
Bxc3 9. Bxc3 cxb5 10. b3 Bb7 11. bxc4 b4 12. Bb2 Nf6 13. Bd3 Nbd7 14. Qc2 O-O
15. O-O Qc7 16. c5 $5 (16. e4 e5) 16... h6 17. e4 Bc6 $1 $146 (17... e5 18.
dxe5 (18. Rfc1 Rfc8 19. dxe5 Nh7 20. Bd4 Nhf8 21. Bc4 Ne6 22. Bxe6 fxe6 23. Qb3
Ra6 24. Qc4 Rc6 25. Qb5 Nxc5 26. Rxc5 $10 {Klarenbeek,H-Kuijf,M/NLD-ch/1992/})
18... Nh5 19. Rfc1 Rfc8 20. Qd2 (20. Bd4 Nf4 21. Bc4 Qc6 22. Be3 Nxg2 23. Kxg2
Qg6+ 24. Kf1 Bxe4 25. Qd1 Rd8 26. Nh4 $16 {Krasenkov,M-Volzhin,A/Katowice op/
1992/}) 20... Nxc5 21. Bd4 Qe7 22. Rxc5 Rxc5 23. g4 Qd7 24. h3 Rc3 25. gxh5
Qxh3 26. Bxc3 $17 {Itkis,B-Matlak,M/Miedzybrodzie/1991/}) 18. Rfb1 a4 19. Bc1
$6 (19. Nd2 $1) 19... Rfb8 $6 (19... Qb7 $140 $1 20. Nd2 b3 $1 $19) 20. Nd2 b3
21. Qc3 e5 $1 (21... Bb5 22. Bxb5 Rxb5 23. Qc4 $1 $13 (23. Nxb3 $2 Nxe4 24. Qf3
Rab8 25. Rxa4 Ndxc5 26. dxc5 Nxc5 27. Rc4 Qe5 28. Bf4 Rxb3 $19)) 22. d5 Bxd5 $1
23. exd5 Nxd5 24. Qc4 Qxc5 25. Bb2 (25. Rxa4 $2 Rxa4 26. Qxa4 Nc3 27. Qxd7 Nxb1
28. Nxb3 Qc3 $19) 25... Nb4 26. Be4 (26. Bf5 Qxc4 27. Nxc4 Nc5 28. Bxe5 Rd8 $1
$13 29. Bd6 Nc2 $1 30. Bxc5 Nxa1 31. Rxa1 Rd5 32. Be4 Rxc5 33. Bxa8 Rxc4 $19)
26... Qxc4 27. Nxc4 Ra7 (27... Ra6 $5 28. Bf5 $140 Nc5 29. Bxe5 Re8 30. Bd6 Nc2
31. Bxc5 Nxa1 32. Rxa1 Rc6 33. Bd7 Rxc5 34. Bxe8 Rxc4 $19) 28. Bf5 $1 Nc2 29.
Bxc2 bxc2 30. Rc1 Rc7 31. Rxa4 $2 (31. Rxc2 Rxb2 32. Rxb2 Rxc4 $10) (31. Bxe5
Nxe5 32. Nxe5 a3 33. Kf1 Rcb7 34. Rxc2 (34. Nd3 $1 Rb1 35. Ke2 Rxc1 36. Rxc1 a2
37. Ra1 Rb1 38. Rxa2 c1=Q 39. Nxc1 Rxc1 $10) 34... Rb1+ 35. Rxb1 Rxb1+ 36. Ke2
Rb2 37. Kd3 a2 38. Rc8+ Kh7 39. Ra8 Rxf2 $17) 31... Nb6 $2 (31... Nc5 $1 32.
Ra3 Nb3 33. Rxc2 Nd4 34. Rd2 Rxc4 $17) 32. Nxb6 Rxb6 33. Ra2 Rd7 34. Rf1 $1 Rd2
35. Bc1 Re2 36. Be3 Rd6 37. Raa1 f5 38. Rfc1 f4 39. Kf1 Rd1+ 40. Rxd1 (40. Kxe2
$18) 40... cxd1=Q+ 1-0

[Event "WchT 7th"]
[Site "Bursa"]
[Date "2010.01.09"]
[Round "5.3"]
[White "Ezat, Mohamed Mahmoud"]
[Black "Mamedyarov, Shakhriyar"]
[Result "0-1"]
[WhiteElo "2471"]
[BlackElo "2741"]
[Annotator "Ftacnik,L"]
[PlyCount "64"]
[EventDate "2010.01.05"]
[EventType "team-tourn"]
[EventRounds "9"]
[EventCountry "TUR"]
[SourceTitle "CBM 134"]
[Source "ChessBase"]
[SourceDate "2010.01.18"]
[SourceVersion "1"]
[SourceVersionDate "2010.01.18"]
[SourceQuality "1"]
[WhiteTeam "Egypt"]
[BlackTeam "Azerbaijan"]
[WhiteTeamCountry "EGY"]
[BlackTeamCountry "AZE"]

1. d4 d5 2. c4 e6 3. Nc3 c6 4. e4 Bb4 {Mamedyarov is trying to prove that
White has exposed his centre too soon. Unfortunately for Black aspiring for
the same with 4...dxe4 is very risky.} (4... dxe4 5. Nxe4 Bb4+ 6. Bd2 Qxd4 7.
Bxb4 Qxe4+) 5. Bd2 dxc4 (5... dxe4 6. Nxe4 Qxd4 7. Bxb4 Qxe4+) (5... Ne7 6. a3
Bxc3 (6... Ba5 7. Nf3 $14) 7. Bxc3 dxe4 8. Qg4 Nf5 9. Qxe4 Nd7 10. Nf3 O-O {
Danilov,V-Cosma,I/Bucuresti 2001} 11. g4 $5 $36) (5... Bxc3 6. Bxc3 dxe4 7. Qg4
$14) 6. Bxc4 {Ezat could have tested his dangerous opponent with the help of a
French like move 6.Qg4!? looking to the weakness on g7.} (6. Qg4 $5 Nf6 (6...
Bf8 7. Bxc4 Qxd4 8. Qe2 Qd8 9. Nf3 Nf6 10. Rd1 Be7 $2 (10... Nbd7 11. e5 Nd5
12. O-O Be7 13. Qe4 $5 $44) 11. Bh6 Nbd7 12. Bxg7 Rg8 13. Bxf6 Bxf6 14. e5 Be7
15. O-O $16 Qc7 16. Ne4 $1 (16. Rfe1 $1 b6 17. Qc2 Rg7 18. Ne4 $16) 16... Nxe5
17. Nxe5 Qxe5 18. f4 Qf5 (18... Qc7 19. f5 Qe5 20. Rde1 $40) 19. Qe3 Bd7 20.
Nd6+ Bxd6 21. Rxd6 $44 {1-0 Halkias,S (2526)-Mastrovasilis,D (2574)/Athens
2004 (44)}) 7. Qxg7 Rg8 8. Qh6 Rg6 9. Qe3 Ng4 10. Qe2 Qxd4 11. Nf3 Qc5 12. a3
Ba5 13. h3 Nf6 14. e5 Bxc3 15. bxc3 Nd5 16. Qxc4 Qxc4 17. Bxc4 Rxg2 $13 {
1/2-1/2 Cramling,D (2425)-Matros,A (2391)/Sweden 2000 (69)}) 6... Qxd4 (6...
Nf6 7. Qe2 Qxd4 8. Nf3 (8. e5 $1 Nd5 9. Nf3 Qb6 10. O-O $36 {/\ Ne4}) 8... Qd8
9. O-O Nbd7 10. a3 (10. Rac1 $5) (10. Rfd1 Qc7 11. Rac1 O-O 12. Bd3 $44) 10...
Be7 11. Rac1 O-O 12. e5 Nd5 13. Rfd1 b6 14. Ne4 Bb7 15. Bd3 c5 16. Neg5 g6 17.
Qe4 Re8 18. Qh4 Nf8 19. Bb5 a6 20. Bxe8 Qxe8 21. Qh6 $16 {San Segundo Carrillo,
P (2535)-Shirov,A (2690)/Madrid 1996/ 0-1 (58)}) 7. Qe2 (7. Qb3 Qb6 8. Nf3 Nd7
9. O-O Bd6 10. Qd1 Ngf6 11. Rc1 O-O 12. Bb3 a6 13. Bg5 Qc7 14. e5 Nxe5 15. Nxe5
Bxe5 16. f4 Bxc3 17. bxc3 Ne4 18. Bh4 f5 19. Rf3 c5 20. Rh3 Qxf4 $17 {
Argandona Riveiro,I (2396)-Apicella,M (2538)/Fuegen 2006/ 0-1 (21)}) 7... e5 {
In most games where Black has found the courage to grab the d4-pawn, White
tended to obtain full compensation due to the activity of his pieces in the
attack.} (7... b5 8. Bb3 (8. Bd3 Nd7 9. Nf3 Qb6 10. a4 (10. O-O Bxc3 11. Bxc3
Ngf6 12. a4 b4 13. a5 Qb8 14. Bd2 e5 15. Rac1 c5 16. Be3 Qc7 17. a6 O-O 18. Nd2
Qc6 19. Rc2 Rd8 20. Rfc1 Qe6 21. Nf3 Qd6 22. h3 $16 {0-1 Potkin,V (2546)
-Vitiugov,N (2478)/St Petersburg 2005 (29)})) 8... Nf6 9. Nf3 Qb6 10. O-O Nbd7
11. Rfe1 (11. e5 Bxc3 12. bxc3 Nd5 13. c4 bxc4 14. Bxc4 a5 15. Rab1 Qa7 16. Qe4
Ba6 17. Bxa6 Qxa6 18. Qg4 Kf8 19. Rfc1 $14 {1/2-1/2 Comas Fabrego,L (2516)
-Godena,M (2485)/Mondariz 2000 (41)}) 11... Bxc3 12. Bxc3 b4 13. Bxf6 Nxf6 14.
e5 Ba6 15. Qc2 Nd5 16. Qe4 Rd8 17. Rac1 h6 18. h4 Ne7 19. Red1 $44 {1-0 Najer,
E (2608)-Timofeev,A (2575)/Krasnoyarsk 2003 (55)}) (7... Qd8 8. Rd1 Nd7 9. a3
Bf8 $2 (9... Bd6 10. f4 (10. Nf3 Qc7) 10... e5 11. Nf3 Qe7 $13) 10. f4 Ngf6 11.
Nf3 Qc7 12. O-O Bc5+ 13. Kh1 O-O 14. Ba2 $1 b6 $2 (14... Be7 $5) 15. b4 Be7 16.
Rc1 Qb7 (16... Bb7 17. e5 $16) 17. e5 Nd5 18. Nxd5 cxd5 (18... exd5 19. Nd4 c5
20. Nf5 $40) 19. Nd4 $16 {1-0 Aleksandrov,A (2635)-Mastrovasilis,D (2562)/
Warsaw 2005 (32)}) 8. O-O-O $146 {White is ready to strike as the novelty with
long castling helps to speed up the mobilisation of his pieces.} (8. Nf3 Qd6 (
8... Qc5 9. a3 Bxc3 10. Bxc3 f6 11. O-O-O $40) 9. a3 Ba5 10. O-O Bc7 11. Ng5 $1
Nh6 12. f4 $1 O-O 13. f5 Nd7 14. Rad1 b5 15. Ba2 Bb6+ 16. Kh1 a5 17. Ne6 $1
fxe6 18. Bxh6 Qe7 19. Bxe6+ Kh8 20. Bxd7 (20. Be3) (20. Bxg7+ $2 Qxg7 21. Rf3
Nf6 22. Rg3 Qe7 $17) 20... Bxd7 21. Be3 Bxe3 22. Qxe3 $14 {1-0 Potkin,V (2612)
-Govciyan,P (2417)/Sautron 2007/ (33)}) 8... Qc5 9. Kb1 (9. a3 Bxc3 10. Bxc3 b5
11. Bb3 Nf6 12. Nf3 Nbd7 13. Qc2 O-O 14. Bxe5 Nxe4 15. Bd4 Qxc2+ 16. Bxc2 Nef6
17. Rhe1 $14) 9... Nf6 10. a3 Bxc3 11. Bxc3 a5 12. Nf3 b5 $2 {Black did not
suspect, that with this move he was helping his opponent to fascinating
tactical ideas.} (12... Nbd7 13. Ba2 O-O 14. Rhe1 $11) 13. Ba2 Bg4 (13... Nbd7
14. Bxa5 $1 Rxa5 15. b4 Qa7 (15... Qe7 16. bxa5 Qxa3 17. Qb2 Qe7 18. Rhe1 $16)
16. bxa5 h6 (16... Qxa5 17. Ng5 O-O 18. Bxf7+ $16) 17. g4 $1 Nxg4 18. Rhg1 Qxf2
19. Qf1 $16) 14. Rc1 $2 {[%mdl 64] Both players have clearly been ignorant of
the decisive shot against the e5-pawn with 14.Bxe5!!} (14. Bxe5 $3 Qxe5 (14...
Bxf3 15. Bxf6 gxf6 16. Qxf3 Qe7 17. e5 $18) (14... Qe7 15. Bd6 Qxe4+ 16. Qxe4+
Nxe4 17. Rhe1 f5 18. h3 Bh5 19. g4 $18) 15. Rd8+ $1 Ke7 (15... Kxd8 16. Qd3+
$18) 16. Nxe5 Bxe2 17. Rxh8 $18) 14... Qe7 15. Qe1 (15. Bxe5 Bxf3 16. Bxf6 Bxe2
17. Bxe7 Kxe7 $19) 15... Nbd7 16. Bxa5 c5 17. b4 (17. Ng5 Bh5 18. f3 h6 19. Nh3
O-O 20. g4 Bg6 21. g5 hxg5 22. Nxg5 Ra7 $17) 17... c4 {Mamedyarov must have
been very happy about his position and thus he started to play a bit sloppily.}
(17... Be6 $1 18. bxc5 Bxa2+ 19. Kxa2 Nxc5 $17) 18. a4 bxa4 19. Nd2 Nc5 $2 {
Black has either missed something in his calculations or he was not paying
enough attention. Ezat must have been grateful for the second chance to get
decent play.} (19... O-O 20. Nxc4 Be6 $17) 20. Nxc4 (20. bxc5 Rxa5 21. Nxc4
Rxc5 $17) 20... Nb3 (20... Nd3 $2 21. Qd2 Nxc1 22. Nd6+ Kf8 23. Rxc1 Be6 24.
Rc7 $16) 21. Bxb3 axb3 22. Qc3 (22. f3 Be6 23. Qd2 (23. Nxe5 Nd7 24. Nc6 Qg5
$13) 23... O-O 24. Nxe5 Qb7 25. Rc5 $13) 22... O-O 23. Qxe5 Qd7 (23... Qb7 24.
f3 Be6 25. Rhd1 $11) 24. Nb2 $2 {Defensive retreat in the form of the worst
passive approach. White has misjuged the situation and will pay a heavy price.}
(24. f3 Be6 (24... Qa4 $2 25. Qa1 $16) 25. Rhd1 Qa4 26. Qa1 Qb5 27. Qd4 Nd7 28.
Nd6 $13) 24... Nxe4 $1 25. f3 (25. Rc7 Rfe8 26. Rxd7 Rxe5 27. Rd8+ Rxd8 28.
Bxd8 Nxf2 29. Rf1 Re2 $19) (25. Qxe4 Bf5 $19) 25... Rfe8 26. Qc7 Qd4 $1 27.
fxe4 {The defender's position is so bad, that in most lines his king will be
mated.} (27. Rc4 Nd2+ 28. Ka1 Nxc4 29. Qxc4 Qf2 30. Qxb3 Re3 $19) (27. fxg4
Nd2+ 28. Ka1 Qxb4 $19) 27... Qxe4+ 28. Ka1 Qxb4 29. Rc5 (29. Nc4 b2+ 30. Nxb2
Rxa5+ $19) 29... Qa3+ 30. Kb1 Qa2+ 31. Kc1 Qa1+ 32. Kd2 Qxb2+ (32... Qxb2+ 33.
Rc2 Rad8+ 34. Qxd8 Qxc2#) 0-1